[Event "TCh-ITA 2012"]
[Site "Arvier ITA"]
[Date "2012.04.28"]
[Round "2"]
[White "Testa, Adriano"]
[Black "Di Paolo, Raffaele"]
[Result "1/2-1/2"]
[BlackTitle "FM"]
[WhiteElo "2240"]
[BlackElo "2309"]
[WhiteTeam "L'Arrocco A di Roma"]
[BlackTeam "CSKB Torveca Caffè Vigevano"]
[WhiteFideId "823392"]
[BlackFideId "803014"]
[EventDate "2012.04.27"]

1. d4 Nf6 2. Nf3 d6 3. c4 g6 4. g3 Bg7 5. Bg2 O-O 6. Nc3 Nbd7 7. O-O e5 8. e4 c6
9. b3 Re8 10. d5 Nc5 11. Ne1 cxd5 12. cxd5 Qa5 13. Bd2 Qb6 14. Kh1 Bd7 15. Rb1
a5 16. f3 Rec8 17. Be3 Qa6 18. Rc1 b5 19. Nd3 b4 20. Nxc5 dxc5 21. Nb1 c4 22.
bxc4 Rxc4 23. Rf2 Rxc1 24. Qxc1 Rc8 25. Rc2 Rxc2 26. Qxc2 a4 27. Kg1 Bf8 28. Bf1
Qa5 29. Kf2 Ne8 30. Bd3 Nd6 31. f4 exf4 32. gxf4 Bb5 33. e5 Bxd3 34. Qxd3 Nf5
35. d6 Qd8 36. d7 b3 37. axb3 a3 38. Nc3 Bb4 39. Nd5 Qh4+ 40. Kg2 Qg4+ 41. Kf2
Qh4+ 42. Kg2 Qg4+ 43. Kf2 1/2-1/2

[Event "TCh-ITA 2012"]
[Site "Arvier ITA"]
[Date "2012.04.28"]
[Round "2"]
[White "Napoli, Nicolo'"]
[Black "Stella, Luca"]
[Result "1/2-1/2"]
[WhiteTitle "FM"]
[WhiteElo "2327"]
[BlackElo "2119"]
[WhiteTeam "CSKB Torveca Caffè Vigevano"]
[BlackTeam "L'Arrocco A di Roma"]
[WhiteFideId "813702"]
[BlackFideId "800031"]
[EventDate "2012.04.27"]

1. d4 Nf6 2. g3 g6 3. Bg2 d5 4. c4 Bg7 5. cxd5 Nxd5 6. Nf3 Nb6 7. O-O Nc6 8. e3
O-O 9. Nc3 e5 10. d5 Na5 11. Nd2 Nac4 12. a4 Nd6 13. a5 Nd7 14. Qc2 f5 15. f4
Re8 16. b3 Qe7 17. Bb2 exf4 18. exf4 Nc5 19. Kh1 Bd7 20. Nf3 Nce4 21. Nxe4 fxe4
22. Ne5 Bf5 23. g4 Bc8 24. Rac1 g5 25. Bxe4 Nxe4 26. Qxe4 gxf4 27. Rce1 Bxg4 28.
Rg1 h5 29. Qg6 Qf6 30. Qxf6 Bxf6 31. Nxg4 Bxb2 32. Nf6+ Kf7 33. Nxe8 Rxe8 34.
Rxe8 Kxe8 35. Kg2 Bd4 36. Rc1 Kd7 37. Kf3 Kd6 38. Ke4 Be3 39. a6 bxa6 40. Rc6+
Kd7 41. Rxa6 Bb6 42. Ra2 c6 43. dxc6+ Kxc6 44. Kxf4 Kb5 45. Ra4 Bc7+ 46. Kg5
Bxh2 47. Rxa7 Kb4 48. Rb7+ Ka3 49. b4 Ka4 50. Kxh5 Bd6 51. b5 Ka5 52. Kg6 Bc5
53. Kf5 Bb6 54. Ke4 Kxb5 55. Kd5 Ka5 56. Kc6 Bf2 57. Rb5+ Ka4 58. Rb2 Bh4 59.
Re2 Kb3 60. Kd5 Bf6 61. Re3+ Kb4 62. Re6 Bg7 63. Rc6 Bh8 64. Rc4+ Kb3 65. Kc5
Bg7 66. Kb5 Bf6 67. Rf4 Bg7 68. Rf3+ Kc2 69. Rf7 Bh8 70. Rd7 Bf6 71. Kc4 Bh8 72.
Rh7 Bf6 73. Rh2+ Kc1 74. Kd3 Bg7 75. Rc2+ Kb1 76. Rc7 Bf6 77. Kd2 Be5 78. Rc5
Bf6 79. Rc2 Bg7 80. Kd3 Bf6 81. Rc6 Bg7 82. Rb6+ Kc1 83. Rc6+ Kb1 84. Kd2 Bh8
85. Kd3 Bg7 86. Rg6 Bh8 87. Kc4 Kc1 88. Rg2 Bf6 89. Kd3 1/2-1/2

[Event "TCh-ITA 2012"]
[Site "Arvier ITA"]
[Date "2012.04.28"]
[Round "2"]
[White "Maggi, Fabrizio"]
[Black "Salvetti, Alec"]
[Result "0-1"]
[BlackTitle "FM"]
[WhiteElo "2132"]
[BlackElo "2210"]
[WhiteTeam "L'Arrocco A di Roma"]
[BlackTeam "CSKB Torveca Caffè Vigevano"]
[WhiteFideId "826030"]
[BlackFideId "802271"]
[EventDate "2012.04.27"]

1. c4 e5 2. Nc3 Nc6 3. e3 g6 4. Nf3 Bg7 5. d4 d6 6. Be2 Bd7 7. O-O f5 8. dxe5
dxe5 9. Nd5 Nf6 10. Rb1 O-O 11. b4 e4 12. Nd4 Nxd5 13. cxd5 Nxd4 14. exd4 f4 15.
f3 e3 16. Bb2 Qg5 17. Kh1 Qh4 18. Qe1 Qh6 19. Bd3 Bf6 20. g3 Be7 21. d6 cxd6 22.
Be4 Rac8 23. Bxb7 Rc2 24. Bd5+ Kh8 25. h4 Bxh4 26. gxh4 Rf5 27. Bf7 Rh5 0-1

[Event "TCh-ITA 2012"]
[Site "Arvier ITA"]
[Date "2012.04.28"]
[Round "3"]
[White "Godena, Michele"]
[Black "Rombaldoni, Denis"]
[Result "1/2-1/2"]
[WhiteTitle "GM"]
[BlackTitle "IM"]
[WhiteElo "2508"]
[BlackElo "2520"]
[WhiteTeam "Ob. Risarcimento Padova"]
[BlackTeam "Scavolini Datagest Pesaro"]
[WhiteFideId "800090"]
[BlackFideId "813575"]
[EventDate "2012.04.27"]

1. e4 c6 2. d4 d5 3. Nd2 dxe4 4. Nxe4 Bf5 5. Ng3 Bg6 6. Nh3 e6 7. Nf4 Bd6 8.
Nxg6 hxg6 9. Ne4 Nf6 10. Ng5 Nbd7 11. g3 Qa5+ 12. c3 Qd5 13. Qf3 e5 14. Qxd5
Nxd5 15. dxe5 Nxe5 16. Be2 O-O 17. Bd2 Rfe8 18. O-O b5 19. Rfe1 Bf8 20. Nf3 Bc5
21. Nxe5 Rxe5 22. Bg4 Rxe1+ 23. Rxe1 Rd8 24. Bc1 Kf8 25. Kf1 a5 26. Be2 b4 27.
cxb4 axb4 28. Rd1 Be7 29. Bf3 Ra8 30. a3 bxa3 31. bxa3 Bxa3 32. Bxa3+ Rxa3 33.
Bxd5 1/2-1/2

[Event "TCh-ITA 2012"]
[Site "Arvier ITA"]
[Date "2012.04.28"]
[Round "3"]
[White "Vocaturo, Daniele"]
[Black "Bellini, Fabio"]
[Result "1/2-1/2"]
[WhiteTitle "GM"]
[BlackTitle "IM"]
[WhiteElo "2536"]
[BlackElo "2509"]
[WhiteTeam "Scavolini Datagest Pesaro"]
[BlackTeam "Ob. Risarcimento Padova"]
[WhiteFideId "813192"]
[BlackFideId "800252"]
[EventDate "2012.04.27"]

1. e4 e5 2. Nf3 Nc6 3. Bc4 Bc5 4. c3 Nf6 5. d3 d6 6. Bb3 Bb6 7. Nbd2 Be6 8. O-O
Bxb3 9. axb3 O-O 10. Nc4 d5 11. Nxb6 cxb6 12. Qe2 Qd6 13. b4 b5 14. Bg5 Nd7 15.
Nh4 Rfe8 16. Nf5 Qg6 17. Be3 a6 18. exd5 Qxf5 19. dxc6 bxc6 20. Ra5 e4 21. d4
Nb6 22. Rfa1 Qc8 23. b3 Nd5 24. Qd2 Qe6 25. Rxa6 Rxa6 26. Rxa6 f5 27. g3 h5 28.
Bf4 e3 29. fxe3 Nxf4 30. exf4 Qxb3 31. Ra1 Kh7 32. Re1 Rxe1+ 33. Qxe1 Qc2 34.
Qe3 g6 35. Qf3 Qd2 36. h4 Qe1+ 37. Kg2 Qe6 38. Kf2 Kg7 39. Qe2 Qd5 40. Qe7+ Kg8
41. Qf6 Kh7 42. Qf8 Qa2+ 43. Kf3 Qd5+ 44. Kf2 Qa2+ 45. Kf3 Qd5+ 1/2-1/2

[Event "TCh-ITA 2012"]
[Site "Arvier ITA"]
[Date "2012.04.28"]
[Round "3"]
[White "Jones, Gawain C B"]
[Black "David, Alberto"]
[Result "0-1"]
[WhiteTitle "GM"]
[BlackTitle "GM"]
[WhiteElo "2635"]
[BlackElo "2604"]
[WhiteTeam "Chieti"]
[BlackTeam "SS Milanese"]
[WhiteFideId "409561"]
[BlackFideId "4000013"]
[EventDate "2012.04.27"]

1. e4 c6 2. d4 d5 3. exd5 cxd5 4. c4 e6 5. Nc3 Nf6 6. Nf3 Bb4 7. cxd5 Nxd5 8.
Bd2 Nc6 9. Bd3 Be7 10. O-O Nf6 11. Bg5 O-O 12. Rc1 h6 13. Bh4 Nh5 14. Bxe7 Nxe7
15. Re1 Nf6 16. Ne5 Qb6 17. Nc4 Qd8 18. Ne5 Qb6 19. Qe2 Ned5 20. Nxd5 Nxd5 21.
Bb1 Nf6 22. Rc5 Rd8 23. Rec1 Bd7 24. Qd3 Qxb2 25. R1c3 b6 26. Rb3 Qxb3 27. axb3
bxc5 28. dxc5 Bb5 29. Qc2 Rd5 30. Nc4 Rxc5 31. h3 Rac8 32. Ba2 Nd5 33. Bb1 Nf6
34. Ba2 Nd5 35. Bb1 g6 36. Qd2 Bxc4 37. bxc4 Rxc4 38. Bxg6 fxg6 39. Qxh6 Ne7 40.
Qe3 Kf7 41. Qxa7 R8c5 42. Qb8 Rc1+ 43. Kh2 Rf5 44. Qb2 Rc4 45. f3 Rfc5 46. Qh8
Nf5 47. Qh7+ Ng7 48. Qh6 Rc2 49. Qf4+ Nf5 50. Qb4 g5 51. Qb7+ Rc7 52. Qe4 Rb2
53. Qg4 Rcc2 54. Qh5+ Kf6 55. Qh8+ Ke7 0-1

[Event "TCh-ITA 2012"]
[Site "Arvier ITA"]
[Date "2012.04.28"]
[Round "3"]
[White "Arlandi, Ennio"]
[Black "D'Amore, Carlo"]
[Result "1/2-1/2"]
[WhiteTitle "IM"]
[BlackTitle "IM"]
[WhiteElo "2436"]
[BlackElo "2493"]
[WhiteTeam "SS Milanese"]
[BlackTeam "Chieti"]
[WhiteFideId "800104"]
[BlackFideId "800066"]
[EventDate "2012.04.27"]

1. d4 d5 2. c4 c6 3. Nf3 Nf6 4. e3 a6 5. Bd3 Bg4 6. Nbd2 e6 7. O-O Nbd7 8. b3
Bd6 9. Bb2 Qb8 10. Qc2 O-O 11. h3 Bh5 12. Ng5 h6 13. Ngf3 Bxf3 14. Nxf3 e5 15.
cxd5 cxd5 16. dxe5 Rc8 17. Qe2 Nxe5 18. Rac1 Re8 19. Rfd1 Nxf3+ 20. Qxf3 Be5 21.
Bxe5 Qxe5 22. Qf5 Qxf5 23. Bxf5 g6 24. Bg4 Nxg4 25. hxg4 Rac8 26. Kf1 Rxc1 27.
Rxc1 Re4 28. Rd1 Rxg4 29. Rxd5 Rb4 30. Ke2 Kg7 1/2-1/2

[Event "TCh-ITA 2012"]
[Site "Arvier ITA"]
[Date "2012.04.28"]
[Round "3"]
[White "Mogranzini, Roberto"]
[Black "Misiano, Franco"]
[Result "1/2-1/2"]
[WhiteTitle "IM"]
[BlackTitle "FM"]
[WhiteElo "2461"]
[BlackElo "2270"]
[WhiteTeam "Chieti"]
[BlackTeam "SS Milanese"]
[WhiteFideId "810894"]
[BlackFideId "804746"]
[EventDate "2012.04.27"]

1. Nf3 d5 2. c4 c6 3. g3 Nf6 4. Bg2 Bf5 5. cxd5 cxd5 6. Qb3 Qb6 7. Qxb6 axb6 8.
Nc3 e6 9. Nb5 Na6 10. a3 Be7 11. b4 Nxb4 12. Nc7+ Kd7 13. Nxa8 Nc2+ 14. Kd1 Ng4
15. Rf1 Nxa1 16. Nxb6+ Kc7 17. Bb2 Kxb6 18. Bxa1 Ra8 19. h3 Nf6 20. d3 Rxa3 21.
Bb2 Ra2 22. Kc1 Nd7 23. Kb1 Ra8 24. Bxg7 h5 25. Bd4+ Bc5 26. Bb2 e5 27. Nh4 Be6
28. f4 exf4 29. gxf4 d4 30. Nf3 Ba2+ 31. Kc2 Rc8 32. Nd2 Ba3+ 33. Nc4+ Bxc4 34.
Bxd4+ Bc5 35. Bxc5+ Rxc5 36. dxc4 Rxc4+ 37. Kd3 Rb4 38. Kc3 Rb5 39. Rd1 Kc7 40.
Rd5 Rxd5 41. Bxd5 f6 42. h4 Nc5 43. e3 Kd6 44. Bf3 f5 45. Bxh5 Ke6 46. Bf3 b6
47. Kc4 Kf6 48. Kb5 Nd3 49. Kc4 Nc5 50. h5 Na4 51. Kb5 Nc5 52. Kc4 Na4 53. Kd4
Nc5 54. Bd5 Nd7 55. Bb3 Nb8 56. Kd5 Na6 57. Kc4 Nc7 58. Bc2 Ne8 59. Kd5 Nc7+ 60.
Kc4 Ne8 61. Kd4 Nd6 62. Bd3 Nf7 63. Be2 Nh6 64. Bb5 Ng4 65. Bd3 Ke6 66. Be2 Nh6
67. Ba6 Kf6 68. Be2 Ke6 69. Ba6 Kf6 70. Bc8 Nf7 71. Bd7 Nh6 72. Kd3 Ke7 73. Ba4
Kf6 74. Bb3 Ng4 75. Ke2 b5 76. Ba2 b4 77. Bb3 Kg7 78. Kf3 Nh6 79. Bc2 Kf6 80.
Bb3 Kg7 81. Ke2 Kf6 82. Bd1 Ng4 83. Bc2 Nh6 84. Kf3 Nf7 85. Bb3 Nh6 86. Bc4 Kg7
87. e4 fxe4+ 88. Kxe4 Kf6 89. Ba2 Nf5 90. Kf3 Nh6 91. Bb1 b3 92. Ke3 Ng4+ 93.
Kd4 b2 94. Kc3 Ne3 95. Kxb2 Nd5 96. f5 Kg5 97. Kb3 Kxh5 98. Kc4 Ne3+ 1/2-1/2

[Event "TCh-ITA 2012"]
[Site "Arvier ITA"]
[Date "2012.04.28"]
[Round "3"]
[White "Profumo, Alberto"]
[Black "Stella, Andrea"]
[Result "0-1"]
[BlackTitle "IM"]
[WhiteElo "2235"]
[BlackElo "2439"]
[WhiteTeam "SS Milanese"]
[BlackTeam "Chieti"]
[WhiteFideId "806587"]
[BlackFideId "827061"]
[EventDate "2012.04.27"]

1. Nf3 c5 2. g3 b6 3. Bg2 Bb7 4. c4 Nf6 5. O-O e6 6. Nc3 Be7 7. Re1 d6 8. e4
Nbd7 9. d4 cxd4 10. Nxd4 Qc7 11. Be3 Rc8 12. Rc1 Qb8 13. b3 Nc5 14. Ndb5 O-O 15.
Bf4 Rfd8 16. Qe2 Ne8 17. b4 Nd7 18. Nd4 Ne5 19. Nb1 Ng6 20. Bd2 Nf6 21. Bc3 Re8
22. Nd2 Qa8 23. f4 Bf8 24. N4f3 Nd7 25. a3 a6 26. Qf2 a5 27. Qe2 Ne7 28. Nd4 Nc6
29. Nxc6 Bxc6 30. Nb3 axb4 31. axb4 Qb8 32. Nd4 Bb7 33. Nb5 Bc6 34. Nd4 Bb7 35.
Nb5 Ba6 36. Qa2 Bxb5 37. cxb5 Rc7 38. Bd2 Rec8 0-1

[Event "TCh-ITA 2012"]
[Site "Arvier ITA"]
[Date "2012.04.28"]
[Round "3"]
[White "Genov, Petar"]
[Black "Lenic, Luka"]
[Result "1/2-1/2"]
[WhiteTitle "GM"]
[BlackTitle "GM"]
[WhiteElo "2463"]
[BlackElo "2637"]
[WhiteTeam "Latina"]
[BlackTeam "SS Triestina"]
[WhiteFideId "2900211"]
[BlackFideId "14603853"]
[EventDate "2012.04.27"]

1. d4 d5 2. Nf3 c6 3. c4 e6 4. cxd5 exd5 5. Nc3 Bd6 6. Bg5 Ne7 7. e3 Qb6 8. Qd2
Bf5 9. Bh4 Nd7 10. Bg3 Bxg3 11. hxg3 Nf6 12. Na4 Qc7 13. Bd3 Bxd3 14. Qxd3 Nc8
15. Nc5 Nd6 16. Qc2 g6 17. Ne5 Nfe4 18. Nxe4 Nxe4 19. O-O-O O-O-O 20. Kb1 Kb8
21. Rc1 f6 22. Nd3 Rhe8 23. Nc5 f5 24. Rhd1 Nxc5 25. Qxc5 h5 26. Rh1 Qb6 27. Qc2
Qb4 28. Qd3 Qe7 29. Rh4 Qf6 30. Rch1 Re4 31. a3 Rde8 32. Ka2 a6 33. Qd2 Qe6 34.
Ka1 Qe7 35. Ka2 Qf7 36. Ka1 Qe6 37. Qb4 Kc8 38. Qd2 Qd6 39. Qc3 R8e7 40. Qb3 Kb8
41. Qc2 Qf6 42. Qd2 R7e6 43. Qb4 Qe7 44. Qd2 Ka7 45. Ka2 Qd8 46. Ka1 Qb6 47. Rc1
Qd8 48. Rch1 Qe8 49. Qb4 Qe7 50. Qc3 Rf6 51. Qd2 Rf8 52. Qc2 Rc8 53. Qd2 Rh8 54.
Qd1 Qf6 55. Qf3 Qg7 56. Qd1 Rhe8 57. Qd2 Qf7 58. Qd1 R8e7 59. R1h3 Ka8 60. Rh1
Kb8 61. Qd2 Rc7 62. Rc1 Qe7 63. Rh2 Rc8 64. Rhh1 Rh8 65. Rh3 g5 66. Rch1 h4 67.
Qd1 Ka7 68. R3h2 Re8 69. gxh4 gxh4 70. Qf3 Qg5 71. Rh3 Rg4 72. R1h2 f4 73. exf4
Rxf4 74. Qc3 Rxf2 75. Rxh4 Rxg2 76. Qc5+ Ka8 77. Rh8 Re2 78. R2h7 Qf5 79. Ka2
Re1 80. Rxe8+ Rxe8 81. Re7 Rxe7 82. Qxe7 Qc2 1/2-1/2

[Event "TCh-ITA 2012"]
[Site "Arvier ITA"]
[Date "2012.04.28"]
[Round "3"]
[White "Mocchi, Tullio"]
[Black "Caprio, Guido"]
[Result "0-1"]
[WhiteTitle "FM"]
[BlackTitle "FM"]
[WhiteElo "2270"]
[BlackElo "2398"]
[WhiteTeam "SS Triestina"]
[BlackTeam "Latina"]
[WhiteFideId "806889"]
[BlackFideId "834580"]
[EventDate "2012.04.27"]

1. d4 Nf6 2. Nf3 e6 3. Bf4 b6 4. Nbd2 Bb7 5. e3 d6 6. Be2 Nbd7 7. O-O h6 8. c3
Nh5 9. Bg3 Be7 10. Ne1 Nxg3 11. hxg3 O-O 12. Bf3 c6 13. Nd3 Qc7 14. Re1 Rac8 15.
a4 a5 16. Qc2 Ba6 17. Be2 Bb7 18. Nc4 Ba6 19. Nd2 Qa7 20. Nf4 Bb7 21. Qb3 d5 22.
e4 Bd6 23. exd5 cxd5 24. Bb5 Ba6 25. Nxe6 Bxb5 26. Qxb5 fxe6 27. Rxe6 Bb8 28.
Qxd5 Kh8 29. Nf3 Nf6 30. Qb3 Qf7 31. Rxb6 Qh5 32. Rb5 g5 33. Nh2 Ne4 34. Nf3
Nxf2 35. Kxf2 Rxf3+ 36. gxf3 Qh2+ 37. Ke3 Re8+ 38. Re5 Bxe5 39. dxe5 Rxe5+ 40.
Kd4 Re8 41. Qb5 Rd8+ 42. Kc4 Qxg3 43. Qxa5 Qd6 44. Kb3 Rb8+ 45. Ka2 Qe6+ 46. Kb1
Qe2 47. b4 Rc8 48. Ra3 Qd1+ 49. Kb2 Qd2+ 50. Ka1 Qc1+ 51. Ka2 Qc2+ 52. Ka1 Re8 0-1

[Event "TCh-ITA 2012"]
[Site "Arvier ITA"]
[Date "2012.04.28"]
[Round "3"]
[White "Malloni, Marcello"]
[Black "Cherin, Diego"]
[Result "1-0"]
[WhiteTitle "FM"]
[BlackTitle "FM"]
[WhiteElo "2339"]
[BlackElo "2272"]
[WhiteTeam "Latina"]
[BlackTeam "SS Triestina"]
[WhiteFideId "802956"]
[BlackFideId "816922"]
[EventDate "2012.04.27"]

1. d4 f5 2. Bg5 g6 3. Nd2 Bg7 4. e4 fxe4 5. Nxe4 d5 6. Nc5 b6 7. Nb3 Qd6 8. Nf3
Nd7 9. Qd2 c5 10. Bb5 cxd4 11. O-O-O e5 12. Rhe1 Kf7 13. Qe2 e4 14. Nfxd4 Ne5
15. f4 Ng4 16. h3 N4f6 17. Nc6 Bb7 18. Ne5+ Kf8 19. Qf2 a6 20. Be2 Rc8 21. Nd4
Re8 22. Kb1 Ne7 23. g4 Kg8 24. Bh4 Rf8 25. Bg3 Nd7 26. Qh2 Nc6 27. Nexc6 Bxc6
28. Bxa6 Bxd4 29. Rxd4 b5 30. f5 Qf6 31. Rb4 gxf5 32. gxf5 h6 33. Bxb5 Bxb5 34.
Rxb5 Qxf5 35. b3 Rf7 36. Rd1 Nf6 37. Be5 e3 38. Bxf6 Qxf6 39. Qg1+ Qg5 40. Rbxd5
Qxg1 41. Rxg1+ Kf8 42. Kb2 Rhh7 43. Re5 Rf3 44. a4 Rc7 45. a5 Rxh3 46. b4 Kf7
47. Rf1+ Kg6 48. Re1 Rh2 49. Rc1 Rc4 50. Kb3 Rhh4 51. c3 Rce4 52. Rxe4 Rxe4 53.
a6 Kf5 54. b5 e2 55. a7 e1=Q 1-0

[Event "TCh-ITA 2012"]
[Site "Arvier ITA"]
[Date "2012.04.28"]
[Round "3"]
[White "De Val, Daniele"]
[Black "Lucaroni, Massimiliano"]
[Result "1/2-1/2"]
[BlackTitle "FM"]
[WhiteElo "2191"]
[BlackElo "2280"]
[WhiteTeam "SS Triestina"]
[BlackTeam "Latina"]
[WhiteFideId "812064"]
[BlackFideId "802484"]
[EventDate "2012.04.27"]

1. c4 e5 2. g3 Nf6 3. Bg2 c6 4. d4 exd4 5. Qxd4 d5 6. Nf3 Be6 7. cxd5 cxd5 8.
O-O Nc6 9. Qa4 Bc5 10. b3 Ne4 11. Bb2 O-O 12. Nbd2 a6 13. Nxe4 b5 14. Nf6+ Qxf6
15. Bxf6 bxa4 16. Rfc1 Ba3 17. Rxc6 gxf6 18. Rd1 Rfc8 19. Nd4 Rxc6 20. Nxc6 axb3
21. axb3 Rc8 22. Nd4 Bc5 23. h4 Rb8 24. Nxe6 fxe6 25. Bh3 Kf7 26. Rc1 Be7 27.
Rc6 f5 28. Rxa6 Rxb3 29. e3 Rb2 1/2-1/2

[Event "TCh-ITA 2012"]
[Site "Arvier ITA"]
[Date "2012.04.28"]
[Round "3"]
[White "Olszewski, Michal"]
[Black "Salvador, Roland"]
[Result "1-0"]
[WhiteTitle "GM"]
[BlackTitle "GM"]
[WhiteElo "2539"]
[BlackElo "2502"]
[WhiteTeam "Centro Studi Test Palermo"]
[BlackTeam "CSKB Torveca Caffè Vigevano"]
[WhiteFideId "1121251"]
[BlackFideId "5201047"]
[EventDate "2012.04.27"]

1. e4 c6 2. d4 d5 3. e5 Bf5 4. Nf3 e6 5. Be2 c5 6. O-O Nc6 7. Be3 cxd4 8. Nxd4
Nge7 9. Bb5 a6 10. Bxc6+ bxc6 11. c4 dxc4 12. Qa4 Bd3 13. Rd1 Rc8 14. Na3 Nd5
15. Nxc4 Bxc4 16. Qxc4 c5 17. Ne2 Qb6 18. Nc3 Nxe3 19. fxe3 Be7 20. Qa4+ Rc6 21.
Ne4 O-O 22. Rd7 Rc7 23. Rxc7 Qxc7 24. Nd2 Qxe5 25. Nc4 Qe4 26. Qxa6 Bg5 27. Re1
f5 28. b3 h5 29. Qd6 Rf6 30. Qd1 Rg6 31. Qxh5 Bxe3+ 32. Nxe3 f4 33. Qxc5 fxe3
34. g3 e2 35. Qf2 Rf6 36. Qxe2 Qd4+ 37. Qe3 Qb2 38. a4 e5 39. Rd1 Rf8 40. a5 e4
41. Qxe4 1-0

[Event "TCh-ITA 2012"]
[Site "Arvier ITA"]
[Date "2012.04.28"]
[Round "3"]
[White "Di Paolo, Raffaele"]
[Black "Contin, Daniel"]
[Result "0-1"]
[WhiteTitle "FM"]
[BlackTitle "IM"]
[WhiteElo "2309"]
[BlackElo "2331"]
[WhiteTeam "CSKB Torveca Caffè Vigevano"]
[BlackTeam "Centro Studi Test Palermo"]
[WhiteFideId "803014"]
[BlackFideId "803618"]
[EventDate "2012.04.27"]

1. e4 e6 2. d4 d5 3. Nc3 h6 4. Nf3 Nf6 5. exd5 exd5 6. Bd3 c5 7. dxc5 Bxc5 8.
O-O O-O 9. Bf4 Nc6 10. Qd2 Nb4 11. h3 Nxd3 12. Qxd3 Be6 13. Be5 Qd7 14. Bxf6
gxf6 15. Rad1 Rad8 16. Nd4 Kh8 17. Qf3 Kh7 18. Nce2 Rg8 19. Ng3 Rg6 20. Nh5 Bxh3
21. Nxf6+ Rxf6 22. Qxf6 Rg8 23. g3 Rg6 24. Qf4 Bxf1 25. Kxf1 Kg8 26. Kg2 Rg5 27.
c3 Bf8 28. Rh1 Qc8 29. Re1 Rh5 30. g4 Rg5 31. f3 Rg6 32. Rh1 Qc4 33. a3 Rb6 34.
Qd2 Qa2 35. Nf5 Rxb2 0-1

[Event "TCh-ITA 2012"]
[Site "Arvier ITA"]
[Date "2012.04.28"]
[Round "3"]
[White "Bentivegna, Francesco"]
[Black "Napoli, Nicolo'"]
[Result "1/2-1/2"]
[WhiteTitle "FM"]
[BlackTitle "FM"]
[WhiteElo "2276"]
[BlackElo "2327"]
[WhiteTeam "Centro Studi Test Palermo"]
[BlackTeam "CSKB Torveca Caffè Vigevano"]
[WhiteFideId "809055"]
[BlackFideId "813702"]
[EventDate "2012.04.27"]

1. e4 c6 2. d4 d5 3. Nd2 dxe4 4. Nxe4 Nf6 5. Nxf6+ exf6 6. c3 Bd6 7. Bd3 Qe7+ 8.
Ne2 Nd7 9. O-O O-O 10. Qc2 h6 11. Ng3 Bxg3 12. hxg3 c5 13. Be3 Re8 14. Rfe1 cxd4
15. Bd2 Qd8 16. cxd4 Nb6 17. Rxe8+ Qxe8 18. Be4 Qd8 19. Re1 Be6 20. Bxb7 Rb8 21.
d5 Nxd5 22. Bxd5 Qxd5 23. b3 Rc8 24. Qb2 Qb7 25. Rc1 Rd8 26. Be3 Bd5 27. f3 Re8
28. Qd4 a6 29. Kf2 Be6 1/2-1/2

[Event "TCh-ITA 2012"]
[Site "Arvier ITA"]
[Date "2012.04.28"]
[Round "3"]
[White "Palac, Mladen"]
[Black "Ronchetti, Niccolo'"]
[Result "1-0"]
[WhiteTitle "GM"]
[BlackTitle "IM"]
[WhiteElo "2593"]
[BlackElo "2446"]
[WhiteTeam "CPS Banca Nuova"]
[BlackTeam "Acc. Scacch. Italiana Bologna"]
[WhiteFideId "14500116"]
[BlackFideId "813125"]
[EventDate "2012.04.27"]

1. e4 e5 2. Nf3 Nc6 3. Bb5 a6 4. Ba4 Nf6 5. O-O Be7 6. Re1 b5 7. Bb3 d6 8. c3
O-O 9. h3 Bb7 10. d4 Re8 11. Ng5 Rf8 12. Nf3 Re8 13. Nbd2 Bf8 14. d5 Nb8 15. Nf1
Nbd7 16. N3h2 Nc5 17. Bc2 c6 18. b4 Ncd7 19. dxc6 Bxc6 20. Bg5 Qc7 21. Bxf6 Nxf6
22. Ng4 Nxg4 23. hxg4 Be7 24. Ne3 Bb7 25. Qf3 Bg5 26. Bb3 Re7 27. Rad1 g6 28.
Nd5 Bxd5 29. Bxd5 Rc8 30. Rd3 Kg7 31. g3 Rd7 32. Ra1 Rf8 33. a4 Qb6 34. axb5
axb5 35. Bb3 Rc7 36. Kg2 Be7 37. Ra5 Ra7 38. Rd5 Rxa5 39. bxa5 Qa6 40. Qd3 Qxa5
41. Rxb5 Qa8 42. Bd5 Qa6 43. c4 Qc8 44. Rb7 Bf6 45. Qf3 h6 46. Qa3 h5 47. gxh5
gxh5 48. Qa7 h4 49. Rxf7+ Kg6 50. Be6 Qxe6 51. Rxf8 Qxc4 52. Qe3 d5 53. Qf3 Bg7
54. Qg4+ Kh6 55. Qxh4+ Kg6 56. Qg4+ Kh6 57. Qe6+ Kh7 58. Qf5+ Kh6 59. exd5 Bxf8
60. Qxf8+ Kg6 61. Qe8+ Kf5 62. Qe6+ Ke4 63. Qg4+ 1-0

[Event "TCh-ITA 2012"]
[Site "Arvier ITA"]
[Date "2012.04.28"]
[Round "3"]
[White "Ramondino, Renzo"]
[Black "De Filomeno, Simone"]
[Result "0-1"]
[WhiteTitle "FM"]
[BlackTitle "FM"]
[WhiteElo "2251"]
[BlackElo "2280"]
[WhiteTeam "CPS Banca Nuova"]
[BlackTeam "Acc. Scacch. Italiana Bologna"]
[WhiteFideId "810304"]
[BlackFideId "828688"]
[EventDate "2012.04.27"]

1. Nf3 d5 2. d4 Nf6 3. c4 e6 4. g3 dxc4 5. Bg2 Nc6 6. Qa4 Bb4+ 7. Bd2 Nd5 8. Qb5
Bxd2+ 9. Nbxd2 c3 10. bxc3 Nxc3 11. Qd3 Nd5 12. O-O O-O 13. Rfc1 Nce7 14. Rab1
a5 15. e4 Nb4 16. Qc4 b6 17. a3 Na6 18. Ne5 Bb7 19. Rb3 Kh8 20. Rd3 Qe8 21. Re3
Rd8 22. Nd3 Qd7 23. Nf3 Nc8 24. Qc2 Nd6 25. d5 exd5 26. Nde5 Qc8 27. exd5 Qf5
28. Qe2 Nc5 29. Nd4 Qf6 30. Qc2 Bc8 31. f4 Nf5 32. Nxf5 Qxf5 33. Qf2 Bb7 34. g4
Qc8 35. Qh4 Bxd5 36. Rh3 h6 37. Bxd5 Rxd5 38. g5 Rd6 39. Qg3 Qf5 40. gxh6 gxh6
41. Qc3 Kh7 42. Rf1 Rg8+ 43. Rg3 Ne4 0-1

[Event "TCh-ITA 2012"]
[Site "Arvier ITA"]
[Date "2012.04.28"]
[Round "3"]
[White "Costantini, Roberto"]
[Black "Livecchi, Dario"]
[Result "1-0"]
[WhiteTitle "FM"]
[WhiteElo "2290"]
[BlackElo "2160"]
[WhiteTeam "Acc. Scacch. Italiana Bologna"]
[BlackTeam "CPS Banca Nuova"]
[WhiteFideId "807621"]
[BlackFideId "810487"]
[EventDate "2012.04.27"]

1. e4 e5 2. Nf3 Nc6 3. Bb5 a6 4. Ba4 Nf6 5. d3 d6 6. O-O Be7 7. c3 O-O 8. Re1 b5
9. Bc2 Bg4 10. h3 Bh5 11. Nbd2 d5 12. Qe2 Re8 13. Nf1 Bf8 14. g4 Bg6 15. Ng3 Qd6
16. Nh4 Rad8 17. Qf3 b4 18. g5 bxc3 19. bxc3 dxe4 20. dxe4 Nd7 21. Rd1 Qc5 22.
Bb3 Na5 23. Be3 Qa3 24. Nxg6 1-0